Spelling Connections : Words Into Language 5
| Main Authors: | , |
|---|---|
| Format: | Section = Libro |
| Language: | Undetermined Spanish |
| Published: |
Estados Unidos
[s.e.]
1996
|
| Subjects: |
| LEADER | 00512nam a2200193Ia 4500 | ||
|---|---|---|---|
| 008 | 240830s9999 xx 000 0 und d | ||
| 020 | |a 0-88085-785-4 | ||
| 040 | |a B-ESTELÍ- RUACS / 428.0071 G339 | ||
| 041 | |a spa | ||
| 082 | |a 428.0071 G339 | ||
| 100 | 1 | |a Gentry, J. Richard | |
| 100 | 1 | |b San José, Christine | |
| 245 | 1 | 0 | |a Spelling Connections : Words Into Language 5 |
| 260 | |a Estados Unidos |b [s.e.] |c 1996 | ||
| 300 | |a 287 p:il | ||
| 650 | 7 | |a INGLES BASICO | |
| 942 | |c BK |2 ddc | ||
| 991 | |a TEXTO | ||
| 999 | |c 10868 | ||